00267nam a2200109Ia 4500008004100000041000800041100001700049245001600066260003500082300000900117700003100126250110s9999 xx 000 0 und d aeng aDeshpande A. aEnergy Park bFinal Year B. Arch, BNCAc2005 a142p aGuide Name:Gokhale Vasudha